eBusiness in Healthcare From eProcutement to Supply Chain Management /

When speaking about eBusiness as applied to the healthcare market two questions arise immediately. Firstly, what is eBusiness? Secondly, why is eBusiness in healthcare different from eBusiness in other sectors? Within the arena of eBusiness in healthcare, the focus is on purchasing and selling onlin...

Full description

Bibliographic Details
Corporate Author: SpringerLink (Online service)
Other Authors: Hübner, Ursula (Editor), Elmhorst, Marc A. (Editor)
Format: Electronic eBook
Language:English
Published: London : Springer London, 2008.
Series:Health Informatics Series, formerly Computers in Health Care,
Subjects:
Online Access:Full Text via HEAL-Link
LEADER 04326nam a22004815i 4500
001 978-1-84628-879-1
003 DE-He213
005 20151204153428.0
007 cr nn 008mamaa
008 100301s2008 xxk| s |||| 0|eng d
020 |a 9781846288791  |9 978-1-84628-879-1 
024 7 |a 10.1007/978-1-84628-879-1  |2 doi 
040 |d GrThAP 
050 4 |a R858-859.7 
072 7 |a MBG  |2 bicssc 
072 7 |a UB  |2 bicssc 
072 7 |a MED000000  |2 bisacsh 
082 0 4 |a 502.85  |2 23 
245 1 0 |a eBusiness in Healthcare  |h [electronic resource] :  |b From eProcutement to Supply Chain Management /  |c edited by Ursula Hübner, Marc A. Elmhorst. 
264 1 |a London :  |b Springer London,  |c 2008. 
300 |a XXVIII, 326 p.  |b online resource. 
336 |a text  |b txt  |2 rdacontent 
337 |a computer  |b c  |2 rdamedia 
338 |a online resource  |b cr  |2 rdacarrier 
347 |a text file  |b PDF  |2 rda 
490 1 |a Health Informatics Series, formerly Computers in Health Care,  |x 1431-1917 
505 0 |a Elements of eBusiness -- to eBusiness -- Opportunities of Supply Chain Management in Healthcare -- Business Process Analysis -- Technical Background -- Integrated Information Systems -- Achieving Interorganizational Connectivity -- From Product Identification to Catalog Standards -- Applications and Experiences -- The Evolution of eBusiness in Healthcare -- An Integrated Strategy for eProcurement: The Case for Leeds Teaching Hospitals -- Supply Chain Management on Clinical Units -- Business Analysis -- Logistics Services and Beyond -- The Expert’s Opinion: Part I – The Healthcare Providers -- The Expert’s Opinion: Part II – The Suppliers -- Outlook -- The Supply Chain Model of eBusiness in Healthcare. 
520 |a When speaking about eBusiness as applied to the healthcare market two questions arise immediately. Firstly, what is eBusiness? Secondly, why is eBusiness in healthcare different from eBusiness in other sectors? Within the arena of eBusiness in healthcare, the focus is on purchasing and selling online as the most advanced application. In this book, the Authors consider both the perspective of the healthcare providers and that of the suppliers, showing the interdependencies between the two and developing concepts for a new synergistic cooperation. eBusiness in Healthcare raises awareness of and interest in electronically mediated business processes in healthcare to a large audience including healthcare informaticians, medical business managers, clinicians, pharmacists and scientists. By taking an international approach to the topic the authors demonstrate the many similarities of eBusiness problems and their solutions among different countries which permits analysis of the differences that are often defined by the national healthcare systems and their rules. Case studies from healthcare institutions and from suppliers in the US, the UK and Germany will illustrate the achievements, barriers and future plans, thus enabling newcomers to learn from previous experience. Clinicians will gain significant insight by this book which demonstrates the interconnection between patient care processes and management issues at the level of medical supplies. The book also makes a plea for a multidisciplinary effort, to enable the right product to be procured for the right patient. As a rather new discipline, eBusiness in healthcare needs further scientific backing. Against this background, this book will not only provide answers but will also raise questions for future research. Managing change and innovation and establishing the critical mass for eBusiness in healthcare is a major undertaking. The aim of this book is to support this process. 
650 0 |a Medicine. 
650 0 |a Industrial procurement. 
650 0 |a Health informatics. 
650 1 4 |a Medicine & Public Health. 
650 2 4 |a Health Informatics. 
650 2 4 |a Procurement. 
700 1 |a Hübner, Ursula.  |e editor. 
700 1 |a Elmhorst, Marc A.  |e editor. 
710 2 |a SpringerLink (Online service) 
773 0 |t Springer eBooks 
776 0 8 |i Printed edition:  |z 9781846288784 
830 0 |a Health Informatics Series, formerly Computers in Health Care,  |x 1431-1917 
856 4 0 |u http://dx.doi.org/10.1007/978-1-84628-879-1  |z Full Text via HEAL-Link 
912 |a ZDB-2-SME 
950 |a Medicine (Springer-11650)